MARC details
| 000 -CABECERA |
| campo de control de longitud fija |
02787cam a2200289 a 4500 |
| 001 - NÚMERO DE CONTROL |
| campo de control |
000003434 |
| 003 - IDENTIFICADOR DEL NÚMERO DE CONTROL |
| campo de control |
DO-SdBNP |
| 005 - FECHA Y HORA DE LA ÚLTIMA TRANSACCIÓN |
| campo de control |
20220808152651.0 |
| 007 - CAMPO FIJO DE DESCRIPCIÓN FÍSICA--INFORMACIÓN GENERAL |
| campo de control de longitud fija |
ta |
| 008 - DATOS DE LONGITUD FIJA--INFORMACIÓN GENERAL |
| campo de control de longitud fija |
930223s1987 ck ad 000 0 spa d |
| 020 ## - NÚMERO INTERNACIONAL ESTÁNDAR DEL LIBRO |
| Número Internacional Estándar del Libro |
9586250687 |
| 040 ## - FUENTE DE LA CATALOGACIÓN |
| Centro catalogador/agencia de origen |
DO-SdBNP |
| Lengua de catalogación |
spa |
| Centro/agencia transcriptor |
BNPHU |
| 082 #4 - NÚMERO DE LA CLASIFICACIÓN DECIMAL DEWEY |
| Número de clasificación |
266 |
| Número de documento/Ítem |
C755p |
| Número de edición |
22 |
| 110 1# - ENTRADA PRINCIPAL--NOMBRE DE ENTIDAD CORPORATIVA |
| Nombre de entidad corporativa o nombre de jurisdicción como elemento de entrada |
Consejo Epicopal Latinoamericano |
| 9 (RLIN) |
81235 |
| 245 00 - MENCIÓN DE TÍTULO |
| Título |
Pastoral juvenil, si a la civilizacion del amor / |
| 260 ## - PUBLICACIÓN, DISTRIBUCIÓN, ETC. |
| Lugar de publicación, distribución, etc. |
Bogota, Colombia : |
| Nombre del editor, distribuidor, etc. |
Seccion de Juventud, CELAM, |
| Fecha de publicación, distribución, etc. |
1987. |
| 300 ## - DESCRIPCIÓN FÍSICA |
| Extensión |
233 p. : |
| Otras características físicas |
il. ; |
| Dimensiones |
21 cm. |
| 490 1# - MENCIÓN DE SERIE |
| Mención de serie |
Documentos CELAM ; |
| Designación de volumen o secuencia |
93 |
| 505 ## - NOTA DE CONTENIDO CON FORMATO |
| Nota de contenido con formato |
Presentación 7|MARCO DE REALIDAD|Introducción 13|VISION PASTORAL DE LA REALIDAD LATINOAMERICA 15|EL CONTEXTO LATINOAMERICANO 15|VISION PASTORAL DE LA IGLESIA LATINOAMERICANA 27|SIGNOS DE AMENAZA Y SIGNOS DE ESPERANZA 31|Signos de amenaza 31|Signos de esperanza 34|VISION PASTORAL DE LA JUVENTUD LATINOAMERICANA|¿QUE SE ENTIENDE POR JUVENTUD ? 37|LA JUVENTUD UNA REALIDAD SOCIOLOGICA 38|RECORRIDO HISTORICO DE LA PASTORAL JUVENIL LATINOAMERICANA|ESCUELAS Y UNIVERSIDADES CATOLICAS 59|MOVIMIENTOS MARIANOS 60|LA ACCION CATOLICA GENERAL 60|MOVIMIENTOS DE LA ACCIÓN CATOLICA ESPECIALIZADA 62|LOS MOVIMIENTOS DE ENCUENTEO 64|LOS MOVIMIENTOS INTERNACIONALES 65|EL CELAM Y LA PASTORAL JUVENIL EN AMERICA LATINA 67|LA PASTORAL JUVENIL ORGANICA 69|MARCO DOCTRINAL|INTRODUCCION 77|FUDAMENTOS TEOLOGICOS DE LA PASTORAL JUVENIL CONSTRUCTORA DE LA CIVILIZACION DEL AMOR 79|JESUCRISTO, MODELO FUERZA Y PASCUA DEL PUEBLO DE DIOS 79|LA IGLESIA, SIGNO DE ESPERANZA DEL MUNDO NUEVO 90|EL HOMBRE NUEVO, SUEÑO DE UNA HUMANIDAD DE LIBERADOS 99|IDENTIDAD DE LA CIVILIZACION DEL AMOR|UNA PROPUESTA 103|DESCRIPCION DE LA PROPUESTA 106|UNA PASTORAL JUVENIL PARA CONSTRUIR LA CIVILIZACION DEL AMOR 113|LA PASTORAL EN LA IGLESIA 113|LA PASTORAL JUVENIL 114|MARCO OPERACIONAL|INTRODUCCION 123|CRITERIOS OPERATIVOS PARA LA EVANGELIZACIÓN EN EL MUNDO JUVENIL|¡AY DE MI, SI NO EVANGELIZARA! (1 Cor 9,16) 126|JOVENES PORTADORES DE LAS BUENAS NOTICIAS 131|PROCESOS DE EDUCACION EN LA FE Y DE CONCIENTIZACION|PRESENTACIÓN DEL PROCESO 137|SISTEMATIZACION DEL PROCESO DE EDUCACION EN LA FE, EN LA ETAPA DE INICIACION 146|PASTORALES JUVENILES DE MEDIOS ESPECIFICOS 166|PEDAGOGIA DE LA ACCION PASTORAL|RASGO DE LA PEDAGOGIA PASTORAL 188|COMUNIDAD JUVENIL, OPCIÓN PEDAGOGICA DE EVANGELIZACION 191|ESPIRITUALIDAD DE LA PASTORAL JUVENIL 197|JOVENES INTEGRALMENTE FORMADOS 204|ELEMENTOS Y RECURSOS PARA UNA PASTORAL JUVENIL ORGANICA 206 |
| 590 ## - NOTA LOCAL (RLIN) |
| Nota local |
Inventariado, 2022 / DG |
| 650 ## - PUNTO DE ACCESO ADICIONAL DE MATERIA--TÉRMINO DE MATERIA |
| Término de materia o nombre geográfico como elemento de entrada |
EVANGELIZACION |
| 9 (RLIN) |
476 |
| 650 ## - PUNTO DE ACCESO ADICIONAL DE MATERIA--TÉRMINO DE MATERIA |
| Término de materia o nombre geográfico como elemento de entrada |
TEOLOGIA PASTORAL |
| 9 (RLIN) |
3734 |
| 710 2# - PUNTO DE ACCESO ADICIONAL--NOMBRE DE ENTIDAD CORPORATIVA |
| Nombre de entidad corporativa o nombre de jurisdicción como elemento de entrada |
Iglesia Católica |
| Unidad subordinada |
Consejo Episcopal Latinoamericano. |
| -- |
Seccion de Juventud. |
| 9 (RLIN) |
10709 |
| 830 #0 - PUNTO DE ACCESO ADICIONAL DE SERIE-TÍTULO UNIFORME |
| Título uniforme |
Documentos CELAM ; |
| 9 (RLIN) |
10710 |
| Número de parte o sección de la obra |
93 |
| 910 ## - DATOS DE OPCIÓN DEL USUARIO (OCLC) |
| Datos de opción del usuario |
DG |
| 942 ## - ELEMENTOS DE PUNTO DE ACCESO ADICIONAL (KOHA) |
| Fuente del sistema de clasificación o colocación |
Dewey Decimal Classification |
| Tipo de ítem Koha |
Libro |